Changing Country Flags by Clues - Statistics

General Stats
  • This quiz has been taken 18 times
  • The average score is 14 of 22
Answer Stats
Clue Answer % Correct
Rotate flag clockwise 90 degrees France
100%
Flag is horizontal stripes - red, white, blue Netherlands
100%
Change blue to green Italy
87%
Remove emblem, rotate flag counterclockwise 90 degrees Hungary
73%
Add an emblem to center of flag Mexico
73%
Change white to yellow Bolivia
67%
Remove emblem, change yellow to white Austria
60%
Connect green stripes, add a red circle to center of flag Bangladesh
60%
Change green to white Japan
60%
Add green tree to center of flag Lebanon
60%
Changed red to green Nigeria
60%
Remove green tree, rotate flag clockwise 90 degrees Peru
60%
Remove red circle, add red horizontal stripe at bottom half Poland
60%
Add an emblem to center of flag Andorra / Moldova
53%
Change red to blue, add black trident to center of flag Barbados
53%
Remove green triangle, change white to yellow, rotate flag clockwise 90 degrees Belgium
53%
Change green to blue Chad / Romania
53%
Reflect flag horizontally (top to bottom; across the X axis) Indonesia / Monaco
53%
Change green to red, add an emblem to center-left of flag Spain
53%
Add green triangle to left side of flag Sudan
53%
Add black horizontal stripe to bottom of flag Yemen
53%
Change black to green Mali
40%
No matching quizzes found
Score Distribution
Percent of People with Each Score
Percentile by Number Answered
Your Score History
You have not taken this quiz